000 00298nam a2200121Ia 4500
005 20251222141948.0
008 251222s9999||||xx |||||||||||||| ||spa||
082 _aREF.463/R31
245 0 _aDiccionario de la Lengua EspaƱola
250 _a1ra.ed.
264 _bReal Academia EspaƱola
942 _cLIB
999 _c9578
_d9578